书目信息 |
| 题名: |
毛泽东思想和中国特色社会主义理论体系概论专题化教学案例精选
|
|
| 作者: | 范松仁 主编 | |
| 分册: | ||
| 出版信息: | 南昌 江西人民出版社 2015.12 |
|
| 页数: | 306页 | |
| 开本: | 24cm | |
| 丛书名: | ||
| 单 册: | ||
| 中图分类: | A84 , D610 | |
| 科图分类: | ||
| 主题词: | 毛泽东思想--教案(教育)--高等学校 , 中国特色社会主义--理论体系--教案(教育)--高等学校 | |
| 电子资源: | ||
| ISBN: | 978-7-210-08154-8 | |
| 000 | 01108nam0 2200265 450 | |
| 001 | 0120161788161 | |
| 005 | 20160614143920.60 | |
| 010 | @a978-7-210-08154-8@dCNY48.00 | |
| 100 | @a20160316d2015 em y0chiy50 ea | |
| 101 | 0 | @achi |
| 102 | @aCN@b360000 | |
| 105 | @ay z 000yy | |
| 106 | @ar | |
| 200 | 1 | @a毛泽东思想和中国特色社会主义理论体系概论专题化教学案例精选@9mao ze dong si xiang he zhong guo te se she hui zhu yi li lun ti xi gai lun zhuan ti hua jiao xue an li jing xuan@f范松仁主编 |
| 210 | @a南昌@c江西人民出版社@d2015.12 | |
| 215 | @a306页@d24cm | |
| 330 | @a本书的撰写与《毛泽东思想和中国特色社会主义理论体系概论》(2015年修订版)教材紧密结合,采用专题化形式编写的案例,为专题化教学服务。全书共设置了20个专题,每个专题都编写了几个案例,每个案例都设置了三个环节:案例素材、互动思考、教学建议。 | |
| 333 | @a教育工作者 | |
| 606 | 0 | @a毛泽东思想@x教案(教育)@x高等学校 |
| 606 | 0 | @a中国特色社会主义@x理论体系@x教案(教育)@x高等学校 |
| 690 | @aA84@v5 | |
| 690 | @aD610@v5 | |
| 701 | 0 | @a范松仁@9fan song ren@4主编 |
| 801 | 0 | @aCN@b人天书店@c20160316 |
| 905 | @b879556-61@dA84@e147@f6 | |
| 毛泽东思想和中国特色社会主义理论体系概论专题化教学案例精选/范松仁主编.-南昌:江西人民出版社,2015.12 |
| 306页;24cm |
| 使用对象:教育工作者 |
| ISBN 978-7-210-08154-8:CNY48.00 |
| 本书的撰写与《毛泽东思想和中国特色社会主义理论体系概论》(2015年修订版)教材紧密结合,采用专题化形式编写的案例,为专题化教学服务。全书共设置了20个专题,每个专题都编写了几个案例,每个案例都设置了三个环节:案例素材、互动思考、教学建议。 |
| ● |
| 相关链接 |
|
|
|
|
正题名:毛泽东思想和中国特色社会主义理论体系概论专题化教学案例精选
索取号:A84/147
 
预约/预借
| 序号 | 登录号 | 条形码 | 馆藏地/架位号 | 状态 | 备注 |
| 1 | 879556 | 208795561 | 第一样本阅览室/ [索取号:A84/147] | 在馆 | |
| 2 | 879557 | 208795570 | 教育系资料室/ [索取号:A84/147] | 在馆 | |
| 3 | 879558 | 208795589 | 教育系资料室/ [索取号:A84/147] | 在馆 | |
| 4 | 879559 | 208795598 | 教育系资料室/ [索取号:A84/147] | 在馆 | |
| 5 | 879560 | 208795605 | 第一借阅区/ [索取号:A84/147] | 在馆 | |
| 6 | 879561 | 208795614 | 第一借阅区/ [索取号:A84/147] | 在馆 |